000 00602cam a22002053a 4500
001 35093
003 PGUSA
005 20140828083745.0
008 110127s2011||||xxu|||||s|||||000 | eng d
040 _aPGUSA
_beng
042 _adc
100 1 _aPorter, Eleanor H.
_q(Eleanor Hodgman),
_d1868-1920
245 1 4 _aThe Road to Understanding
_h[electronic resource] /
_cEleanor H. Porter
260 _bProject Gutenberg,
_c2011
506 _aPublic domain in the USA.
516 _aElectronic text
830 0 _aProject Gutenberg
_v35093
856 4 0 _uhttp://www.gutenberg.org/ebooks/35093
942 _cEB
999 _c264348
_d264348